000 00321cam a2200133ua 4500
020 _a9788131706985
082 _a511.5
_bWIL/IN
100 _aWilson, Robin J .
245 _aIntroduction to graph theory /
250 _a4 /
260 _aLondon :
_bLongman Group Limited ,
_c2000.
300 _a171 ; .
942 _cBK
999 _c10820
_d10820